00611nam a2200169 a 450000100100000000500170001000800410002704000250006808200160009310000260010924500500013526000350018530000200022004900090024095201750024999900170042400003315220200930070048.0110818s1939 dr c 000 0 spa d aDO-SdBNPbspacBNPHU axxxxbD337n1 aDelanoy, Oscar95739313aEl nacionalismo de Trujillo /cOscar Delanoy. a[Santo Domingo :bs.n],c1939. a38 p. ;c22 cm. aBNPD 001050718RVaPDbPDcHDd2011-08-18iLF1l0oxxxx D337np33152-10r2020-06-25w2020-06-25y1zPerteneció a la biblioteca personal de Julio Ortega FrierZNo se presta c32643d32643